| 000 | 00946nam a2200289Ia 4500 | ||
|---|---|---|---|
| 001 | Z_1356 | ||
| 003 | CHAP | ||
| 008 | 220113s1974 xx 000 0 und d | ||
| 010 | _a164444 | ||
| 040 | _cCHAP | ||
| 090 | _aTesis O 161 | ||
| 100 |
_aOrcasberro, Ruy _983403 |
||
| 245 |
_aIntake and digestibility of alfalfa grazed by sheep, as measured by indicator technique versus total fecal collection, and as affected by ingested sodium silicate / _cby Ruy Orcasberro |
||
| 260 |
_aLas Cruces, New México : _bThe author, _c1974 |
||
| 300 | _a88 h | ||
| 502 | _aThesis (Master of Science) -- New México State University. Department of Animal Science | ||
| 650 |
_aAlfalfa como forraje _93899 |
||
| 650 | 7 |
_aForrajes _xDigestibilidad _2 _942568 |
|
| 650 |
_aGanado lanar _xAlimentación _945153 |
||
| 650 |
_aSilicatos _9105939 |
||
| 901 | _aTESIS O 161 | ||
| 902 | _aM | ||
| 910 | _a1974 | ||
| 942 | _c2 | ||
| 942 | _c2 | ||
| 999 |
_c164444 _d164444 |
||